000 01298cab a2200241 4500
001 X2593
008 090401t1995 xxu||||| |||| 00| 0 eng d
035 _a(Sirsi) u25198
041 _aeng
245 _aCamden LBC v Ashton
260 _c1995
350 _a0
490 _aPlanning Appeal Decisions
_v(1995) 10 PAD 630-631(7)
520 _a13 April 1995. Failure to determine within prescribed period - application to remove condition form existing listed building consent and for listed building consent for internal rearrangement - Council now minded to grant both applications - whether condition served proper planning purpose - effect on listed building and conservation area - condition imposed at direction of English Heritage - whether power to compel replacement of window existing prior to listing - too general to be enforced - Mutual costs applications - partial order against Council - unneccessary cost in preparing for hearing. TAKEN FROM CASE HEADING.
650 _aCAMDEN LBC V ASHTON
650 _aLISTED BUILDINGS
650 _aLOCAL GOVERNMENT ACT 1972
650 _aPLANNING (LISTED BUILDINGS AND CONSERVATION AREAS) ACT 1990
650 _aTOWN AND COUNTRY PLANNING ACT 1990
690 _aPLANNING LAW AND PRACTICE-CASE LAW
942 _n0
948 _c04/03/1997
999 _c16912
_d16912